|
|
|
|
| LEADER |
00000nab a2200000uu 4500 |
| 001 |
vtls011460180 |
| 003 |
SK-MaSNL |
| 005 |
20260303151535.0 |
| 008 |
230222|2013 xo |||||||||||||||||eng| |
| 015 |
|
|
|a SNBRB
|
| 035 |
|
|
|a (urnnbn)urn:nbn:sk:snk:ar-a0abmq
|
| 035 |
|
|
|a (uuid)f6105015-e825-46da-963a-350490d9a4b3
|
| 035 |
|
|
|a urn:nbn:sk:snk-abcu57
|
| 040 |
|
|
|a SNKBUCL
|b slo
|c SNKBUCL
|e AACR2
|
| 041 |
0 |
|
|a eng
|
| 044 |
|
|
|a xo
|c SK
|
| 100 |
1 |
|
|a Sitkey, Vladimír
|4 aut
|9 479797
|
| 245 |
1 |
0 |
|a BIOGAS PRODUCTION FROM AMARANTH BIOMASS
|c Vladimír Sitkey, Ján Gaduš, Ľubomír Kliský, Alexander Dudák
|
| 700 |
1 |
|
|a Dudák, Alexander
|4 aut
|9 1160888
|
| 700 |
1 |
|
|a Gaduš, Ján
|4 aut
|9 298179
|
| 700 |
1 |
|
|a Kliský, Ľubomír
|4 aut
|9 1171257
|
| 773 |
0 |
|
|t Acta regionalia et environmentalica : vedecký časopis pre regionálne a environmentálne vedy
|g Roč. 10, č. 2 (2013), s. 61-64
|
| 958 |
|
|
|a OND
|
| 958 |
|
|
|a EUIPO
|
| 958 |
|
|
|a article16
|
| 999 |
|
|
|c 2018142
|d 2020072
|